| Tag |
First Indicator |
Second Indicator |
Subfields |
| LEADER |
00000cam a2200000 a 4500 |
| 001 |
in00002783844 |
| 005 |
20150922144851.0 |
| 008 |
110726s2012 nyua b 000 1 eng |
| 010 |
|
|
|a 2011021637
|
| 020 |
|
|
|a 9780803734135 (hardcover)
|
| 020 |
|
|
|a 0803734131 (hardcover)
|
| 029 |
1 |
|
|a NZ1
|b 14091826
|
| 029 |
1 |
|
|a AU@
|b 000047505033
|
| 035 |
|
|
|a (OCoLC)ocn731911741
|
| 035 |
|
|
|a (OCoLC)731911741
|
| 040 |
|
|
|a DLC
|b eng
|c DLC
|d BTCTA
|d VKC
|d JRS
|d BDX
|d YDXCP
|d VP@
|d EHH
|d UIU
|d UtOrBLW
|
| 042 |
|
|
|a lcac
|a pcc
|
| 049 |
|
|
|a TXAM
|
| 050 |
0 |
0 |
|a PZ7.B9832
|b On 2012
|
| 082 |
0 |
0 |
|a [E]
|2 23
|
| 100 |
1 |
|
|a Buzzeo, Toni.
|
| 245 |
1 |
0 |
|a One cool friend /
|c story by Toni Buzzeo ; pictures by David Small.
|
| 264 |
|
1 |
|a New York :
|b Dial Books for Young Readers,
|c [2012]
|
| 264 |
|
4 |
|c ©2012
|
| 300 |
|
|
|a 1 volume (unpaged) :
|b color illustrations ;
|c 23 x 29 cm.
|
| 336 |
|
|
|a text
|b txt
|2 rdacontent
|
| 337 |
|
|
|a unmediated
|b n
|2 rdamedia
|
| 338 |
|
|
|a volume
|b nc
|2 rdacarrier
|
| 520 |
|
|
|a Elliot, a very proper young man, feels a kinship with the penguins at the aquarium and wants to take one home with him.
|
| 650 |
|
1 |
|a Penguins
|v Fiction.
|
| 650 |
|
1 |
|a Etiquette
|v Fiction.
|
| 650 |
|
1 |
|a Humorous stories.
|
| 650 |
|
0 |
|a Etiquette
|v Juvenile fiction.
|
| 650 |
|
0 |
|a Penguins
|v Juvenile fiction.
|
| 650 |
|
0 |
|a Picture books for children.
|
| 650 |
|
7 |
|a Penguins
|v Fiction.
|2 sears
|
| 650 |
|
7 |
|a Etiquette
|v Fiction.
|2 sears
|
| 655 |
|
7 |
|a Humorous fiction.
|2 gsafd
|
| 700 |
1 |
|
|a Small, David,
|d 1945-
|e illustrator.
|
| 938 |
|
|
|a Baker and Taylor
|b BTCP
|n BK0009950630
|
| 938 |
|
|
|a Brodart
|b BROD
|n 13422952
|c $16.99
|
| 938 |
|
|
|a YBP Library Services
|b YANK
|n 7465581
|
| 947 |
|
|
|a A14835931487
|
| 945 |
|
|
|a PromptCat
|b 99272
|
| 946 |
|
|
|a curr
|
| 994 |
|
|
|a 92
|b TXA
|
| 948 |
|
|
|a Cataloged
|b h
|c 2012/11/21
|d c
|e EGrant
| f 2:56:46 PM
|
| 999 |
|
|
|a MARS
|
| 999 |
f |
f |
|s ebf2cd7e-ee25-318a-b7c3-83123cb7fc83
|i a880bfce-2e62-32e6-8bc4-afa7fe1cecbf
|t 0
|
| 952 |
f |
f |
|p normal
|a Texas A&M University
|b College Station
|c Sterling C. Evans Library
|s Evans curr
|d Evans: Curriculum Collection (4th floor)
|t 0
|e PZ7.B9832 On 2012
|h Library of Congress classification
|i unmediated -- volume
|m A14835931487
|
| 998 |
f |
f |
|a PZ7.B9832 On 2012
|t 0
|l Evans: Curriculum Collection (4th floor)
|